| 000 | 01241cam a22003011i 4500 | ||
|---|---|---|---|
| 003 | SA-RiAUC | ||
| 005 | 20251005130749.0 | ||
| 008 | 251002s1989 le g 000 0 ara c | ||
| 040 |
_aJO-IrYU _bara _cSA-RiAUC _erda |
||
| 050 | 1 | 4 | _b.Z3722 1989 |
| 082 | 0 | 4 | _a231 |
| 090 |
_a231 _bز ر ق |
||
| 100 | 1 |
_aالزرقاني، محمد بن عبد الباقي بن يوسف، _d1055-1122 هجري _eمؤلف. |
|
| 245 | 1 | 0 |
_aشرح الزرقاني على المنظومة البيقونية في المصطلح / _cتقديم نبيل الشريف. |
| 250 | _aالطبعة الرابعة. | ||
| 264 | 1 |
_aبيروت : _bمؤسسة الكتب الثقافية، _c1989 |
|
| 300 |
_a104 صفحة؛ _c22 سم. |
||
| 336 |
_aنص _btxt _2rdacontent _3كتاب |
||
| 337 |
_aبدون وسيط _bn _2rdamedia |
||
| 338 |
_aمجلد _bnc _2rdacarrier |
||
| 650 | 7 |
_aعلم دراية الحديث _2aucsh |
|
| 650 | 7 |
_aالحديث _xمصطلح _2aucsh |
|
| 700 | 1 |
_aالشريف، نبيل _eمقدم. |
|
| 700 | 1 | 2 |
_aالبيقوني، عمر بن محمد بن فتوح، _dتوفي حوالي 1080 هجري |
| 740 | 2 | 2 | _aالمنظومة البيقونية. |
| 942 |
_2ddc _cBOOK _n0 |
||
| 949 |
_aSA-JeALM _d251002 _umohamedma123 _n1 |
||
| 999 |
_c12401 _d12401 |
||